<?xml version="1.0" encoding="UTF-8"?><?xml-stylesheet type="text/xsl" href="static/style.xsl"?><OAI-PMH xmlns="http://www.openarchives.org/OAI/2.0/" xmlns:xsi="http://www.w3.org/2001/XMLSchema-instance" xsi:schemaLocation="http://www.openarchives.org/OAI/2.0/ http://www.openarchives.org/OAI/2.0/OAI-PMH.xsd"><responseDate>2026-04-13T01:00:17Z</responseDate><request verb="GetRecord" identifier="oai:www.recercat.cat:2117/378713" metadataPrefix="marc">https://recercat.cat/oai/request</request><GetRecord><record><header><identifier>oai:recercat.cat:2117/378713</identifier><datestamp>2025-07-22T21:25:12Z</datestamp><setSpec>com_2072_1033</setSpec><setSpec>col_2072_452951</setSpec></header><metadata><record xmlns="http://www.loc.gov/MARC21/slim" xmlns:dcterms="http://purl.org/dc/terms/" xmlns:xsi="http://www.w3.org/2001/XMLSchema-instance" xmlns:doc="http://www.lyncode.com/xoai" xsi:schemaLocation="http://www.loc.gov/MARC21/slim http://www.loc.gov/standards/marcxml/schema/MARC21slim.xsd">
   <leader>00925njm 22002777a 4500</leader>
   <datafield ind2=" " ind1=" " tag="042">
      <subfield code="a">dc</subfield>
   </datafield>
   <datafield ind2=" " ind1=" " tag="720">
      <subfield code="a">Orellana Asenjo, Giancarlo Jeremy</subfield>
      <subfield code="e">author</subfield>
   </datafield>
   <datafield ind2=" " ind1=" " tag="260">
      <subfield code="c">2022-10-20</subfield>
   </datafield>
   <datafield ind2=" " ind1=" " tag="520">
      <subfield code="a">La Nueva Agenda Urbana destaca a la infraestructura verde como un componente fundamental de las ciudades para alcanzar los Objetivos de Desarrollo Sostenible y por tanto la adaptación a los efectos del cambio climático. Este trabajo tiene como objetivo determinar la estructura, los servicios ecosistémicos y el valor económico del arbolado urbano público en el Municipio de Barcelona, utilizando la herramienta i-Tree ECO. Se estratificó el área del Municipio de Barcelona y se trabajó con dos estratos (48% del territorio total) en los cuales se establecieron 200 parcelas de muestreo. La estructura del arbolado consta de 305.350 árboles con una cobertura del 19,7% y presenta valores altos de diversidad, aunque está dominado por el Platanus x hybrida. Se estima un potencial de área plantable de 311 hectárea (alrededor de 22.000 árboles). Los servicios ecosistémicos calculados fueron: remoción de contaminantes, almacenamiento y secuestro de carbono y escorrentía evitada. El arbolado eliminó 51,12 toneladas métricas de contaminantes del aire (O3, CO, NO2, PM2,5, PM10 y SO2) correspondiente a 3.130.000 €/año. Almacenaron 55.851 toneladas de carbono y secuestraron 5.949 toneladas/año de carbono, equivalente a 8.970.000 € y 956.000 €/año, respectivamente. La escorrentía evitada fue de 45.000 m3/año con un valor asociado de 86.000 €. Como parte de los deservicios se estimó una emisión de 60,97 toneladas métricas de compuestos orgánicos volátiles. Esta investigación contribuye con los objetivos del Plan Director del arbolado de Barcelona 2017-2037, al brindar conocimientos de las funciones, valores, servicios y deservicios del arbolado y asignar un valor económico a sus beneficios.</subfield>
   </datafield>
   <datafield ind2=" " ind1=" " tag="520">
      <subfield code="a">According to the New Urban Agenda, green infrastructure is a fundamental component for cities to achieve the Sustainable Development Goals and therefore to adapt to the effects of climate change. The goal of this study is to determine the vegetation structure, ecosystem services and economic value of Barcelona public urban trees, using i-Tree ECO. We stratified Barcelona Municipy to select two strata where we established 200 plots (48% of the area). Our results show that the vegetation structure was highly diverse and was conformed of 305 350 trees, about 19.7% of tree cover. Although, it was dominated by Platanus x hybrida. Furthermore, we detected 311 hectares (around 22 000 trees) of potential plantable space area. All the trees in these green spaces could remove 51.12 t of air pollutants (O3, CO, NO2, PM2.5, PM10 and SO2) equivalent to 3,130,000 €/year; store about 55 851 t of carbon equivalent to 8,970,000 €, sequester about 5 949 t/year of carbon equivalent to 956,000 €/year and avoid 45,000 m3/year of runoff equivalent to 86,000 €. However, there was an emission of 60.97 t of volatile organic compounds (disservice). The study improves the knowledge of the public urban tree structure, functions, services and disservice; assigns an economic value to Barcelona public urban tree and contributes to the Barcelona Trees Master Plan 2017-2037.</subfield>
   </datafield>
   <datafield tag="653" ind2=" " ind1=" ">
      <subfield code="a">Àrees temàtiques de la UPC::Desenvolupament humà i sostenible::Enginyeria ambiental</subfield>
   </datafield>
   <datafield tag="653" ind2=" " ind1=" ">
      <subfield code="a">Environmental engineering</subfield>
   </datafield>
   <datafield tag="653" ind2=" " ind1=" ">
      <subfield code="a">arbolado público</subfield>
   </datafield>
   <datafield tag="653" ind2=" " ind1=" ">
      <subfield code="a">valoración económica</subfield>
   </datafield>
   <datafield tag="653" ind2=" " ind1=" ">
      <subfield code="a">i-Tree ECO</subfield>
   </datafield>
   <datafield tag="653" ind2=" " ind1=" ">
      <subfield code="a">remoción de contaminantes del aire</subfield>
   </datafield>
   <datafield tag="653" ind2=" " ind1=" ">
      <subfield code="a">almacenamiento y secuestro de carbono</subfield>
   </datafield>
   <datafield tag="653" ind2=" " ind1=" ">
      <subfield code="a">escorrentía evitada.</subfield>
   </datafield>
   <datafield tag="653" ind2=" " ind1=" ">
      <subfield code="a">Enginyeria ambiental</subfield>
   </datafield>
   <datafield ind2="0" ind1="0" tag="245">
      <subfield code="a">Los servicios ecosistémicos del arbolado urbano: caso de estudio Barcelona</subfield>
   </datafield>
</record></metadata></record></GetRecord></OAI-PMH>